000 00343 a2200109 4500
001 ART_8552
005 20260410161844.0
008 260409a
245 1 0 _aLa inflación Argentina en los años setenta
100 1 _aBajraj, Reynaldo F.
773 0 _tEl trimestre económico
_g- Vol. XLIV, Nº 176 (oct./dic. 1977)
_wREV6933
999 _c24373
_d24373